000 00595nam a2200205 i 4500
001 140960
003 ES-MaACL
005 20250916203036.0
007 t|
008 070918s1967 sp ||||1| spa d
100 1 _aWerth, Alexander.
_9116520
245 1 0 _aDe Gaulle /
_cAlexander Werth ; [versión Narciso Puig].
250 _a[1ª ed.].
260 _aBarcelona :
_bGrijalbo,
_c1967.
300 _a390 p., 6 lám. ;
_c22 cm.
600 1 4 _aGaulle, Charles de,
_d1890-1970
_956005
700 1 _aPuig, Narciso.
_994239
852 _aES-MaACL
_jC-32596
_bR.63186
999 _c140960
_d140960